=LDR 00000nam 2200000 4500 =001 INLIS000000000028119 =005 20130612130439 =008 ***********************************Ind** =035 ##$$0010-061300000028119 =041 ##$$a Ind =082 ##$$a 2x4.12 =090 ##$$a 2x4.12, Tha m =245 ##$$a Mari belajar shalat (panduan belajar shalat untuk anak-anak) =260 ##$$a [S.a] $b Jakarta =300 ##$$a 17 hlm, ilus, 28 cm =650 ##$$a Shalat =850 ##$$a NBPNMAT